| 000 | 00893nam a2200289Ia 4500 | ||
|---|---|---|---|
| 001 | Para_9888 | ||
| 003 | CHAP | ||
| 008 | 220125s1993 xx 000 0 und d | ||
| 010 | _a208568 | ||
| 020 | _a84 - 8063 - 025 - 6 | ||
| 040 | _cCHAP | ||
| 082 | _aPA 636.088 D68 1993 | ||
| 100 |
_aDournaud, Jeanne _9175013 |
||
| 245 |
_aCría de pequeños animales : _b Guía del naturalista aficionado / _c Jacques y Jeanne Dournaud; traducción María Ángeles Ibáñez |
||
| 260 |
_aEspaña : _b Octaedro |
||
| 300 | _a253 p. | ||
| 500 | _aTítulo original: Réaliser des petits élevages | ||
| 650 |
_aAnimales _x Cuidado _9175014 |
||
| 700 |
_aÁngeles Ibáñez, María, tr. _9175015 |
||
| 901 | _aPA 636.088 D68 1993 | ||
| 902 | _aM | ||
| 905 | _a5232201993 a 8000000300 06 | ||
| 910 | _a1993 | ||
| 942 | _cPARA | ||
| 942 |
_cPARA _d1 |
||
| 999 |
_c208568 _d208568 |
||